| 000 | 00699nam a2200289Ia 4500 | ||
|---|---|---|---|
| 008 | 210210b2010 xxu||||| |||| 00| 0 eng d | ||
| 020 | _a9781849201469 | ||
| 041 | _aeng | ||
| 082 | _a659.1 HACA | ||
| 100 | _aHACKLEY (Chris) | ||
| 245 | _aAdvertising and promotion: an integrated marketing communications approach Ed 2 | ||
| 250 | _a | ||
| 260 |
_aLos Angeles _bSage Publications _c2010 |
||
| 300 | _axii-333 | ||
| 650 | _apromotion: | ||
| 650 | _amarketing | ||
| 650 | _aintegrated | ||
| 650 | _aEd | ||
| 650 | _acommunications | ||
| 650 | _aapproach | ||
| 650 | _aand | ||
| 650 | _aan | ||
| 650 | _aAdvertising | ||
| 650 | _a2 | ||
| 690 | _aAdvertising | ||
| 906 | _a066115 | ||
| 999 |
_c146584 _d146584 |
||